000
00292nam a2200133Ia 4500
100
_a
Hirsch/S.C
942
_c
BK
654
_a
computer
245
_a
Basic programming self-taught
260
_b
prentice hall
_a
New Delhi
_c
1985
082
_a
1.6424
_b
HIR
300
_a
277
546
_a
ENGLISH
999
_c
26848
_d
26848